Educación y escuela en el fin de siglo
Tallennettuna:
| Päätekijä: | |
|---|---|
| Aineistotyyppi: | Kirja |
| Kieli: | espanja |
| Julkaistu: |
La Paz
Tarea
1995
La Paz MEPB 1995 La Paz CEBIAE 1995 |
| Painos: | 2a. ed |
| Aiheet: | |
| Tagit: |
Lisää tagi
Ei tageja, Lisää ensimmäinen tagi!
|
MARC
| LEADER | 00000nam a2200000 a 4500 | ||
|---|---|---|---|
| 001 | UCG1945 | ||
| 003 | CL-VaPUC | ||
| 008 | 100531e19950000BO |||||||||||||||||spa|d | ||
| 082 | 0 | 4 | |a 379.984 |b MEJ |2 21 |
| 100 | |a Mejía Jiménez, Marco Raúl |e autor |9 550074 | ||
| 245 | 1 | 0 | |a Educación y escuela en el fin de siglo |
| 250 | |a 2a. ed | ||
| 300 | |a 195 p | ||
| 942 | |c BK | ||
| 945 | |d 20100531 00:00:00 |a dcastane | ||
| 260 | |a La Paz |b Tarea |c 1995 | ||
| 260 | |a La Paz |b MEPB |c 1995 | ||
| 260 | |a La Paz |b CEBIAE |c 1995 | ||
| 650 | 0 | |a Política educacional |9 308011 | |
| 650 | 0 | |a Estado y educación |9 311264 | |
| 650 | 0 | |a Investigación educacional |9 261192 | |
| 651 | 0 | |a Bolivia |9 255454 | |
| 583 | |a last modification |c 20130326 10:29:14 |k Rodrigo Vera | ||
| 999 | |c 341193 |d 341191 | ||
| 952 | |0 0 |1 0 |4 0 |6 379_984000000000000_MEJ_1995_1995_1995 |7 0 |8 A |9 436529 |a BIBEDU |b BIBEDU |d 2019-11-22 |i 4679369 |o 379.984 MEJ 1995 1995 1995 |p 4679369 |r 2019-11-22 |w 2019-11-22 |y BK |k EBA | ||